Den pro císaře a jiné lidi : cyklus novel z časů manýrismu a baroka /

Hlavní autor: Boček, Jaroslav, 1932-2003
Jazyk: Čeština
Vydáno: Praha : Československý spisovatel, 1984
Vydání: 1. vyd.
Edice: Malá žatva
Externí odkaz: Digitalizovaný dokument
Fyzický popis: 295 s.
Knihy
Uloženo v:
LEADER 01080nam a22002892a 4500
001 000876046
003 CZ BrMZK
005 20080721134515.0
007 ta
008 071119s1984 xr a er 000 0 cze d
015 |a cnb000004633 
035 |a (OCoLC)37286495 
040 |a BOA001  |b cze 
080 9 |a 885.0-321.6(081) 
100 1 |a Boček, Jaroslav,  |d 1932-2003  |7 jk01012421  |4 aut 
245 1 0 |a Den pro císaře a jiné lidi :  |b cyklus novel z časů manýrismu a baroka /  |c Jaroslav Boček ; ilustroval Miroslav Váša 
250 |a 1. vyd. 
260 |a Praha :  |b Československý spisovatel,  |c 1984 
300 |a 295 s. 
490 1 |a Malá žatva 
830 0 |a Malá žatva  |0 s 
856 4 1 |u http://www.digitalniknihovna.cz/mzk/uuid/uuid:03724a70-9088-11e2-9a9f-005056827e51  |y Digitalizovaný dokument  |x NDK 
910 |a BOA001  |b 1-0874.120 
990 |a BK 
991 |b 200711 
996 7 |b 2619526256  |c 1-0874.120  |l MZK  |r Sklad / do 1 hodiny  |n 1  |w 000876046  |u 000020  |a 1  |e BOA001  |j MZK50  |s A 
996 6 |b 2619526257  |c 1-0874.120  |l MZK  |r Sklad / do 1 hodiny  |n 0  |w 000876046  |u 000010  |a 1  |e BOA001  |j MZK50  |s P